000 00782nam a22002297a 4500
005 20170124105923.0
010 _aA-728415
020 _c00.00
_a8171546994
035 _aA-728415
037 _bCen Lib/Ret
040 _aDPL
_bEN
082 _a324.254074
_bSHA
100 _aShah,Sonal
_95451
245 _aIndian Socialists :
_cby Sonal Shah
_bsearch for identity /
260 _aBombay
_bPopular Parkashan
_c1944
270 _bBombay
_a35-C,Pt.Madan Mohan MAlaviya Marg,Opp.'Roche'Tardeo
_e400034
300 _axvi,194p.
_c22cm(Hb)
500 _aIncludes bibliographical reference and index
650 _aPolitical Parties- Ideology,Policiesand programmes--India
_973213
650 _aSocialist Movement - India
_95453
942 _2ddc
_cEN
_h324.254074
_mSHA
999 _c123332
_d123332